Di bawah pohon maple

Bibliographic Details
Main Author: Ismail Azman Omar
Format: Book
Published: Kuala Lumpur : Creative Enterprise Sdn.Bhd. , 1995
Subjects:

MARC

LEADER 00000cam a2200000 7i4500
001 0000007287
002 000007838
005 20000330.0
020 |a 9838932477 
090 0 0 |a F   |b ISM 
100 0 |a Ismail Azman Omar 
245 1 0 |a Di bawah pohon maple   |c Ismail Azman Omar 
260 |a Kuala Lumpur :   |b Creative Enterprise Sdn.Bhd. ,   |c 1995 
300 |a 188 p. ;   |c 18 cm. 
650 0 0 |a Romance fiction 
999 |a 052123   |b BUKU   |c PINJAMAN   |e PERPUSTAKAAN KOMUNITI PETALING JAYA 
999 |a 052124   |b BUKU   |c PINJAMAN   |e PERPUSTAKAAN KOMUNITI PETALING JAYA 
999 |a 052125   |b BUKU   |c PINJAMAN   |e PERPUSTAKAAN KOMUNITI PETALING JAYA 
999 |a 055423   |b BUKU   |c FICTION   |e PERPUSTAKAAN KOMUNITI CAW KOTA DAMANSARA 
999 |a 055424   |b BUKU   |c FICTION   |e PERPUSTAKAAN KOMUNITI CAW KOTA DAMANSARA